[Event "Teusaquillo Rapid op"]
[Site "Teusaquillo"]
[Date "2023.03.04"]
[Round "3"]
[White "Mesa Baez, Samuel"]
[Black "Guevara Rincon, Cristian Camilo"]
[Result "1-0"]
[WhiteElo "1897"]
[BlackElo "1644"]
[PlyCount "69"]
[EventDate "2023.03.04"]
[EventType "swiss (rapid)"]
[EventRounds "9"]
[EventCountry "COL"]
[SourceTitle "CBM 213 Extra"]
[Source "ChessBase"]
[SourceDate "2023.05.31"]
[SourceVersion "1"]
[SourceVersionDate "2023.05.31"]
[SourceQuality "1"]

1. e4 c5 2. Nf3 Nc6 3. Bb5 g6 4. 0-0 Bg7 5. c3 a6 6. Be2 Nf6 7. Qc2 d6 8. d4 e5 9. d5 Ne7 10. Bg5 h6 11. Bxf6 Bxf6 12. h3 0-0 13. Nbd2 Bg7 14. Nh2 f5 15. f3 Bd7 16. a4 b5 17. axb5 axb5 18. Qb3 Qb6 19. Nc4 Qc7 20. Na3 Qb6 21. Kh1 Ra5 22. Nc4 Rxa1 23. Nxb6 Rxf1+ 24. Nxf1 Be8 25. Bxb5 fxe4 26. Bxe8 Rxe8 27. fxe4 Rf8 28. Kg1 g5 29. Nc4 Rf6 30. Nxd6 Rxd6 31. Qb8+ Nc8 32. Qxc8+ Kh7 33. Qxc5 Rf6 34. d6 Bf8 35. Qc7+ 1-0

[Event "COL-ch U20"]
[Site "Duitama"]
[Date "2021.03.19"]
[Round "3"]
[White "Guevara Rincon, Cristian Camilo"]
[Black "Gonzalez Velasco, Leandro"]
[Result "0-1"]
[WhiteElo "1650"]
[BlackElo "1786"]
[PlyCount "122"]
[EventDate "2021.03.18"]
[EventType "swiss"]
[EventRounds "7"]
[EventCountry "COL"]
[SourceTitle "EXT 2022"]
[Source "ChessBase"]
[SourceDate "2021.10.06"]
[SourceVersion "1"]
[SourceVersionDate "2021.10.06"]
[SourceQuality "1"]

1. e4 c5 2. Nf3 Nc6 3. d4 cxd4 4. Nxd4 Nf6 5. Nc3 d6 6. Bg5 e6 7. Qd2 Be7 8. 0-0-0 0-0 9. f4 Nxd4 10. Qxd4 Qa5 11. Kb1 e5 12. Qd2 Kh8 13. f5 Bd7 14. Bxf6 Bxf6 15. Nd5 Qxd2 16. Rxd2 Bg5 17. Rd1 Rac8 18. Be2 Bc6 19. Bc4 b5 20. Bb3 a5 21. a3 Bb7 22. g3 Rc5 23. h4 Bd8 24. g4 a4 25. Ba2 g6 26. Nc3 Ba5 27. Bd5 Ba6 28. f6 Bxc3 29. bxc3 Rxc3 30. Ba2 Bb7 31. Rhe1 Bc8 32. Rxd6 Bxg4 33. Bxf7 Rfc8 34. Rc1 Rxa3 35. Rb6 Rac3 36. Rxb5 R3c6 37. Rxe5 Rxf6 38. Re8+ Rxe8 39. Bxe8 Re6 40. Bxa4 Rxe4 41. Bb3 Bf5 42. Rh1 Kg7 43. Kb2 Kf6 44. c4 Ke5 45. Kc3 Re3+ 46. Kb4 Be4 47. Rh2 Kf4 48. Rf2+ Kg3 49. Rf7 h5 50. Re7 Kf4 51. c5 Rh3 52. Rxe4+ Kxe4 53. c6 Kd4 54. c7 Rc3 55. Bf7 Rxc7 56. Bxg6 Rc5 57. Bf7 Rf5 58. Bg6 Re5 59. Kb3 Ke3 60. Kc3 Kf4 61. Kd4 Ra5 0-1

[Event "COL-ch U20"]
[Site "Duitama"]
[Date "2021.03.18"]
[Round "1"]
[White "Campos Gomez, Manuel"]
[Black "Guevara Rincon, Cristian Camilo"]
[Result "1-0"]
[WhiteElo "1994"]
[BlackElo "1650"]
[PlyCount "79"]
[EventDate "2021.03.18"]
[EventType "swiss"]
[EventRounds "7"]
[EventCountry "COL"]
[SourceTitle "EXT 2022"]
[Source "ChessBase"]
[SourceDate "2021.10.06"]
[SourceVersion "1"]
[SourceVersionDate "2021.10.06"]
[SourceQuality "1"]

1. e4 c5 2. Nf3 Nc6 3. d4 cxd4 4. Nxd4 g6 5. c4 Bg7 6. Be3 Nf6 7. Nc3 d6 8. f3 Bd7 9. Qd2 0-0 10. Be2 a5 11. 0-0 Nxd4 12. Bxd4 Bc6 13. Rac1 Nd7 14. Be3 Nc5 15. b3 Qb6 16. Nb5 Bxb5 17. cxb5 Rfc8 18. Kh1 Qd8 19. Bc4 a4 20. b4 Nd7 21. Bd5 Rcb8 22. a3 Nb6 23. Ba2 e6 24. Qf2 Nd7 25. Rfd1 Rc8 26. Rxc8 Rxc8 27. Rxd6 Qc7 28. Qd2 Ne5 29. Bc5 Bf8 30. b6 Qb8 31. Rd4 Nc6 32. Rd3 Qe5 33. Bxf8 Kxf8 34. h3 Qa1+ 35. Kh2 Ne5 36. Qh6+ Kg8 37. Rd2 Qc3 38. Qf4 Kg7 39. Bb1 f6 40. Rc2 1-0

[Event "COL-ch sf"]
[Site "Bogota"]
[Date "2020.11.16"]
[Round "8"]
[White "Estrella Becerra, Fernando"]
[Black "Guevara Rincon, Cristian Camilo"]
[Result "1/2-1/2"]
[WhiteElo "1952"]
[BlackElo "1664"]
[PlyCount "60"]
[EventDate "2020.11.12"]
[EventType "swiss"]
[EventRounds "8"]
[EventCountry "COL"]
[SourceTitle "CBM 199 Extra"]
[Source "ChessBase"]
[SourceDate "2021.01.31"]
[SourceVersion "1"]
[SourceVersionDate "2021.01.31"]
[SourceQuality "1"]

1. c4 f5 2. Nc3 Nf6 3. g3 e6 4. Bg2 d5 5. cxd5 exd5 6. d4 c6 7. Nf3 Bd6 8. 0-0 0-0 9. Bg5 Nbd7 10. Qd3 h6 11. Bf4 Bxf4 12. gxf4 Ne4 13. Rad1 Nb6 14. Ne5 Be6 15. Bxe4 fxe4 16. Qg3 Qf6 17. e3 Nd7 18. Nxd7 Bxd7 19. Ne2 h5 20. h3 h4 21. Qg2 Bf5 22. Kh2 Bg6 23. Qg4 Bf5 24. Qg5 Kf7 25. Rg1 Rh8 26. Rc1 Rh6 27. Qxf6+ Rxf6 28. Rc3 b6 29. Rcc1 Rc8 30. b4 Ke7 1/2-1/2

[Event "Medellin Raza op 9th"]
[Site "Medellin"]
[Date "2019.10.11"]
[Round "1"]
[White "Guevara Rincon, Cristian Camilo"]
[Black "Valle, Efrain"]
[Result "0-1"]
[WhiteElo "1618"]
[BlackElo "2091"]
[PlyCount "50"]
[EventDate "2019.10.11"]
[EventType "swiss"]
[EventRounds "8"]
[EventCountry "COL"]
[SourceTitle "CBM 192 Extra"]
[Source "Chessbase"]
[SourceDate "2019.11.06"]
[SourceVersion "1"]
[SourceVersionDate "2019.11.06"]
[SourceQuality "1"]

1. e4 Nf6 2. e5 Nd5 3. c4 Nb6 4. d4 d6 5. Nf3 Nc6 6. exd6 exd6 7. Bd3 Be7 8. Be3 d5 9. Nbd2 Nb4 10. Qe2 dxc4 11. Nxc4 Nxd3+ 12. Qxd3 Nxc4 13. Qxc4 0-0 14. 0-0 Be6 15. Qb5 a6 16. Qe5 Re8 17. Ng5 Bf6 18. Nxe6 Rxe6 19. Qf4 Rd6 20. Rac1 c6 21. Rfd1 Rd5 22. Rd2 Qa5 23. a3 Re8 24. Rc5 Rxc5 25. dxc5 Bxb2 0-1

[Event "Medellin Raza op 9th"]
[Site "Medellin"]
[Date "2019.10.11"]
[Round "2"]
[White "Ordonez Gonzalez, Gabriel"]
[Black "Guevara Rincon, Cristian Camilo"]
[Result "1-0"]
[WhiteElo "1909"]
[BlackElo "1618"]
[PlyCount "53"]
[EventDate "2019.10.11"]
[EventType "swiss"]
[EventRounds "8"]
[EventCountry "COL"]
[SourceTitle "CBM 192 Extra"]
[Source "Chessbase"]
[SourceDate "2019.11.06"]
[SourceVersion "1"]
[SourceVersionDate "2019.11.06"]
[SourceQuality "1"]

1. c4 c5 2. g3 g6 3. Bg2 Bg7 4. Nc3 Nc6 5. d3 e6 6. e4 Nge7 7. Be3 b6 8. Nge2 0-0 9. Qd2 Re8 10. Bh6 Bh8 11. h4 Bb7 12. h5 d5 13. hxg6 fxg6 14. exd5 exd5 15. Nxd5 Nd4 16. Nxd4 Bxd4 17. Nf6+ Bxf6 18. Bxb7 Rb8 19. Be4 b5 20. Bf4 Rb6 21. cxb5 Rxb5 22. Rb1 Nd5 23. Qc2 Qa5+ 24. Bd2 Qxa2 25. 0-0 Bd4 26. Ra1 Qxb2 27. Bxd5+ 1-0

[Event "Bogota Mentes op"]
[Site "Bogota"]
[Date "2019.09.17"]
[Round "2"]
[White "Guevara Rincon, Cristian Camilo"]
[Black "Obando Guzman, Soren Federico"]
[Result "0-1"]
[WhiteElo "1689"]
[BlackElo "2036"]
[PlyCount "47"]
[EventDate "2019.09.16"]
[EventType "swiss"]
[EventRounds "5"]
[EventCountry "COL"]
[SourceTitle "CBM 192 Extra"]
[Source "Chessbase"]
[SourceDate "2019.11.06"]
[SourceVersion "1"]
[SourceVersionDate "2019.11.06"]
[SourceQuality "1"]

1. e4 c5 2. Nf3 d6 3. d4 cxd4 4. Nxd4 Nf6 5. Nc3 a6 6. Bc4 e6 7. Bb3 Nbd7 8. Be3 Nc5 9. f3 Be7 10. 0-0 Qc7 11. Qd2 b5 12. Rad1 Bb7 13. Qf2 0-0 14. Qg3 Rfd8 15. Rd2 Rac8 16. Rfd1 Nfd7 17. Bf4 Nb6 18. Nde2 b4 19. Bxd6 Rxd6 20. Rxd6 Bxd6 21. Qxd6 g6 22. Qxc7 Rxc7 23. Rd8+ Kg7 24. Nd1 0-1

[Event "Tunja Boyaca op-B"]
[Site "Tunja"]
[Date "2019.08.01"]
[Round "3"]
[White "Castano Herrera, Jeronimo"]
[Black "Guevara Rincon, Cristian Camilo"]
[Result "1-0"]
[WhiteElo "1440"]
[BlackElo "1673"]
[PlyCount "101"]
[EventDate "2019.07.31"]
[EventType "swiss"]
[EventRounds "9"]
[EventCountry "COL"]
[SourceTitle "EXT 2020"]
[Source "ChessBase"]
[SourceDate "2019.10.17"]
[SourceVersion "1"]
[SourceVersionDate "2019.10.17"]
[SourceQuality "1"]

1. c4 c5 2. Nf3 g6 3. g3 Bg7 4. Bg2 e6 5. Nc3 Ne7 6. d3 d5 7. cxd5 Nxd5 8. Bd2 Nc6 9. 0-0 0-0 10. Qc1 b6 11. Bh6 Bb7 12. Bxg7 Kxg7 13. Nxd5 exd5 14. a3 Qf6 15. Rb1 Rfe8 16. Re1 Ne5 17. Nxe5 Rxe5 18. b4 cxb4 19. Rxb4 Rc8 20. Qb2 Kg8 21. f4 Re6 22. Qxf6 Rxf6 23. e4 Re6 24. Kf2 Rc2+ 25. Re2 Rxe2+ 26. Kxe2 dxe4 27. dxe4 f5 28. Ke3 Rc6 29. exf5 Rc7 30. Bxb7 Rxb7 31. fxg6 hxg6 32. a4 Re7+ 33. Kf3 Kf7 34. a5 Re6 35. axb6 axb6 36. Rb5 Kf6 37. g4 Rc6 38. g5+ Ke6 39. Kg4 Kf7 40. h4 Kg7 41. h5 gxh5+ 42. Kxh5 Kh7 43. f5 Kg7 44. Rd5 Rc7 45. f6+ Kf7 46. Rd6 Rc1 47. g6+ Ke8 48. Rxb6 Rh1+ 49. Kg5 Rg1+ 50. Kh6 Rh1+ 51. Kg7 1-0

[Event "COL-ch sf1"]
[Site "Medellin"]
[Date "2019.04.20"]
[Round "9"]
[White "Guevara Rincon, Cristian Camilo"]
[Black "Molina Ballesteros, Juan Sebastian"]
[Result "1/2-1/2"]
[WhiteElo "1731"]
[BlackElo "1506"]
[PlyCount "69"]
[EventDate "2019.04.16"]
[EventType "swiss"]
[EventRounds "10"]
[EventCountry "COL"]
[SourceTitle "CBM 190 Extra"]
[Source "ChessBase"]
[SourceDate "2019.07.15"]
[SourceVersion "1"]
[SourceVersionDate "2019.07.15"]
[SourceQuality "1"]

1. e4 c5 2. Nf3 d6 3. d4 cxd4 4. Nxd4 Nf6 5. Nc3 a6 6. Bc4 e6 7. Bb3 b5 8. f3 Be7 9. Be3 Bb7 10. 0-0 0-0 11. Qd2 Nc6 12. Rad1 Qc7 13. Qf2 Nxd4 14. Rxd4 Rad8 15. a4 bxa4 16. Rxa4 Qb8 17. Bc4 Qc8 18. Rfa1 d5 19. Bf1 Ne8 20. exd5 exd5 21. Kh1 Nc7 22. Bc5 Qd7 23. Bxe7 Qxe7 24. Qb6 Rb8 25. Qd4 Rfd8 26. Rb4 Ne6 27. Qb6 Rd6 28. Qa7 Rdd8 29. Qb6 d4 30. Ne4 Bxe4 31. Qxb8 Rxb8 32. Rxb8+ Nf8 33. fxe4 Qxe4 34. Bd3 Qe5 35. Ra8 1/2-1/2